000 00231nam a22001097a 4500
082 _a523.1 UNI'S
100 _aSCIENTIFIC GROUP
_959796
245 _aTHE UNIVERSE
260 _aNEWYORK
_bSIMON
_c1957
300 _a142P
942 _cBK
999 _c569686
_d569686